000 00804cam a2200241 a 4500
001 2506807
005 20180111045043.0
008 920325s1992 nyu 000 1 eng
010 _a 92050151
020 _a0679416498 :
_c$25.00 ($31.50 Can.)
040 _aDLC
_cDLC
_dDLC
_dOCoLC
_dDLC
041 _aeng
043 _an-mx---
051 _a813.54
_bM48 1992 Copy 3
_cCopy 3. Signed by author. Copyright deposit, Jan. 6, 1993.
080 _a813.54
082 0 0 _a813.54 MIC
_220
100 1 _a19
101 _aHIS
245 1 0 _aMexico /
_cby James A. Michener.
906 _a7
_bcbc
_corignew
_d1
_eocip
_f19
_gy-gencatlg
942 _2ddc
_cBK
999 _c40087
_d40087